000 00533 a2200157 4500
999 _c5734
_d5734
020 _a9781780648156
050 _aSB110HAR2016
245 _aHarnessing dividends from drylands :
_b innovative scaling up with soil nutrients /
_cedited by K V Raju; S P Wani
264 _aBoston:
_bCAB International,
_c2016
300 _a319p. :
500 _aincludes index
650 _a Dry farming -- India -- Case studies.
650 _a.Crop yields -- India -- Case studies.
700 _aWani Suhas P
_eeditor
942 _2lcc
_cBK
_h110
_iHAR
_kSB